| 000 | 01610nam0a2200361 4500 | ||
|---|---|---|---|
| 001 | RU\NLR\bibl\1712450 | ||
| 005 | 20250616065308.0 | ||
| 010 |
_a978-5-903142-11-8 _91000 |
||
| 021 |
_aRU _b2010-89338 _95998 |
||
| 035 | _a(nilc)RSL-KNO-004829077 | ||
| 035 | _a(NLR Aleph) 001703478 | ||
| 090 |
_a1235210 _c1235210 |
||
| 100 | _a20101122d2010 |||y0rusy50 ca | ||
| 101 | 0 | _arus | |
| 102 | _aRU | ||
| 105 | _aa ||||||||| | ||
| 200 | 1 |
_aСистема психомоторной коррекции "Псикор": нейропсихологический и телесно-ориентированный подходы к диагностике и коррекции психического развития в детском возрасте _fВоробьева Е. А., Сафронова Е. В. |
|
| 210 |
_aМосква _cЭкспресспринт ИК _d2010 |
||
| 215 |
_a64 с. _cил. _d21 |
||
| 320 | _aБиблиогр.: с. 62-63 (34 назв.) | ||
| 606 | 1 |
_aДети _xПсихическое развитие _xКоррекция _92083951 _3RU\NLR\auth\661260025 |
|
| 686 |
_aЮ948.1-82-734,0 _2rubbk |
||
| 686 | _aЮ983.5 | ||
| 700 | 1 |
_4070 _7ca _8rus _aВоробьева _bЕ. А. _cдетский психолог _gЕлена Анатольевна _9196030 _3RU\NLR\AUTH\770196081 |
|
| 701 | 1 |
_aСафронова _bЕ. В. _gЕлена Владимировна _4070 |
|
| 801 | 0 |
_aRU _bRuMoRKP _c20101122 _grcr |
|
| 801 | 1 |
_aRU _bRuMoRGB _c20101122 |
|
| 801 | 2 |
_aRU _bNLR _c20101210 _grcr |
|
| 830 | _aавт. по кн. | ||
| 942 | _cBOOK | ||
| 980 | _aNB | ||